Une lettre suffit pour répondre juste #53 (attention 10 lettres tuent) - Statistiques

Statistiques générales
  • Ce quiz a été pris 61 fois
  • Le résultat moyen est 3 sur 6
Statistiques - réponses
Hint Réponse % Correct
Donne une des 5 lettres du nom de l'actrice prénommé Zoé qui joue la femme de Kad Mérad dans le film Bienvenue chez les Ch'tis FELIX
100%
Donne une des 4 lettres du nom de ce département français
GARD
70%
Donne une des 3 lettres du nom du réseau de télévision commercial national américain créé en 1927 qui a ce logo
CBS
37%
Donne une des 2 lettres des initiales (1ere lettre prénom ou nom) du Président de la république d'Afrique du Sud du 10 mai 1994 au 14 juin 1999 NM (Nelson Mandela)
33%
Donne la 1ere lettre du prénom et nom de cet acteur américain
V (Vince Vaughn)
11%
Donne la lettre qui désigne : - l'hypothétique source philologique des Évangiles de Matthieu et Luc : source ? - la théorie des choix d'investissement élaborée en 1969 par James Tobin : le ? de Tobin Q
2%
Aucun quiz correspondant
Distribution des résultats
% des personnes avec chaque résultat
Percentile par nombre de réponses
Votre historique - résultats
Vous n’avez pas pris ce quiz